000 00373nam a2200145Ia 4500
008 220204s9999 xx 000 0 und d
082 _a595.7:577.1
_bREE
100 _aREES, H H
245 0 _aInsect biochemistry
260 _aLondon
_bChapman & Hall
_c1977
490 _aOutline studies in biology
650 _aInsect biochemistry
650 _aPheromones
942 _cBK
999 _c26606
_d26606